Basic Mechanical Engineering (Record no. 88)
[ view plain ]
| 000 -LEADER | |
|---|---|
| Fixed length control field | 00548nam a2200205 4500 |
| 003 - CONTROL NUMBER IDENTIFIER | |
| Control field | SEACOMEC |
| 005 - DATE AND TIME OF LATEST TRANSACTION | |
| Control field | 20240403144631.0 |
| 008 - FIXED-LENGTH DATA ELEMENTS--GENERAL INFORMATION | |
| Fixed length control field | 231005b |||||||| |||| 00| 0 eng d |
| 020 ## - INTERNATIONAL STANDARD BOOK NUMBER / ISBN | |
| Price | Rs. 160.00 |
| 040 ## - CATALOGING SOURCE | |
| Original cataloging agency | SEACOMEC |
| 082 ## - DEWEY DECIMAL CLASSIFICATION NUMBER | |
| Classification number | 620.1 |
| Book Number | Pr895 |
| 100 1# - MAIN ENTRY--PERSONAL NAME | |
| Personal name | Prabhu, T. J. |
| 245 1# - TITLE STATEMENT | |
| Title | Basic Mechanical Engineering |
| Statement of responsibility | T.J. Prabhu, S. Jebaraj and V. Jaiganesh |
| 260 ## - IMPRINT | |
| Place of publication | Chennai |
| Name of publisher | Scitech |
| Date of publication | 2001 |
| 650 ## - SUBJECT ADDED ENTRY--TOPICAL TERM | |
| Topical term | Engineering |
| 650 ## - SUBJECT ADDED ENTRY--TOPICAL TERM | |
| Topical term | Engineering mechanics and materials |
| 700 1# - ADDED ENTRY--PERSONAL NAME | |
| Personal name | Jebaraj, S. |
| 700 1# - ADDED ENTRY--PERSONAL NAME | |
| Personal name | Jaiganesh, V. |
| 942 ## - ADDED ENTRY ELEMENTS (KOHA) | |
| Koha item type | Books |
| Withdrawn status | Lost status | Source of classification | Damaged status | Not for loan | Home library | Current library | Date acquired | Total Checkouts | Call number | Accession number | Date last seen | Price effective from | Koha item type | Copy number |
|---|---|---|---|---|---|---|---|---|---|---|---|---|---|---|
| Dewey Decimal Classification | SEACOM ENGINEERING COLLEGE | SEACOM ENGINEERING COLLEGE | 03/04/2024 | 620.1 Pr895 | 4748 | 03/04/2024 | 03/04/2024 | Books | ||||||
| Dewey Decimal Classification | SEACOM ENGINEERING COLLEGE | SEACOM ENGINEERING COLLEGE | 03/04/2024 | 620.1 Pr895 | 4749 | 03/04/2024 | 03/04/2024 | Books | 1 | |||||
| Dewey Decimal Classification | SEACOM ENGINEERING COLLEGE | SEACOM ENGINEERING COLLEGE | 03/04/2024 | 620.1 Pr895 | 4750 | 03/04/2024 | 03/04/2024 | Books | 2 | |||||
| Dewey Decimal Classification | SEACOM ENGINEERING COLLEGE | SEACOM ENGINEERING COLLEGE | 03/04/2024 | 620.1 Pr895 | 4751 | 03/04/2024 | 03/04/2024 | Books | 3 | |||||
| Dewey Decimal Classification | SEACOM ENGINEERING COLLEGE | SEACOM ENGINEERING COLLEGE | 03/04/2024 | 620.1 Pr895 | 4752 | 03/04/2024 | 03/04/2024 | Books | 4 |
